000
00160nam a22000857a 4500
082
_a
823
100
_a
GARY PAULSON
245
_a
THE VOYAGE OF THE FROG
942
_c
BK
999
_c
8294
_d
8294